| 000 | 00607nam a22001815i 4500 | ||
|---|---|---|---|
| 001 | 47944 | ||
| 003 | ES-MaACL | ||
| 005 | 20250813040331.0 | ||
| 007 | t| | ||
| 008 | 940301s1898 sp ||||1| spa d | ||
| 100 | 1 |
_aCotarelo y Mori, Emilio, _d1857-1936 _941168 |
|
| 245 | 1 | 3 |
_aEl supuesto Libro de las querellas del Rey don Alfonso el Sabio / _cEmilio Cotarelo y Mori. |
| 260 |
_aMadrid : _b[s.n.], _c1898 ( _fImprenta de los hijos de M.G. Hernández) |
||
| 300 |
_a30 p. ; _c21 cm. |
||
| 600 | 0 | 4 |
_aAlfonso _bX, _cRey de Castilla _919872 |
| 852 |
_aES-MaACL _jT-864-F-5 |
||
| 999 |
_c47944 _d47944 |
||